Buddy, the first seeing eye dog / (Record no. 764)

MARC details
000 -LEADER
fixed length control field 01221nam a22003497a 4500
005 - DATE AND TIME OF LATEST TRANSACTION
control field 20250327090237.0
020 ## - INTERNATIONAL STANDARD BOOK NUMBER
International Standard Book Number 0590265857
040 ## - CATALOGING SOURCE
Original cataloging agency DLC
Transcribing agency DLC
Modifying agency DLC
Language of cataloging eng
050 00 - LIBRARY OF CONGRESS CALL NUMBER
Classification number HV1780.2
Item number .M66 1996
082 00 - DEWEY DECIMAL CLASSIFICATION NUMBER
Classification number 362.4/183
Edition number 20
100 1# - MAIN ENTRY--PERSONAL NAME
Personal name Moore, Eva.
245 10 - TITLE STATEMENT
Title Buddy, the first seeing eye dog /
Statement of responsibility, etc. by Moore, Eva ; illustrated by Bolognese, Don.
250 ## - EDITION STATEMENT
Edition statement First printing, March 1996
260 ## - PUBLICATION, DISTRIBUTION, ETC.
Place of publication, distribution, etc. New York :
Name of publisher, distributor, etc. Scholastic,
Date of publication, distribution, etc. 1996.
300 ## - PHYSICAL DESCRIPTION
Extent 48 pages :
Other physical details color illustrations ;
Dimensions 23 cm.
500 ## - GENERAL NOTE
General note "Cartwheel books."
505 ## - FORMATTED CONTENTS NOTE
Formatted contents note O <br/>
520 ## - SUMMARY, ETC.
Summary, etc. True account of the training and early work experiences of the German shepherd which became the first seeing eye dog in America.
521 ## - TARGET AUDIENCE NOTE
Target audience note 600 <br/>
Source Lexile <br/>
521 ## - TARGET AUDIENCE NOTE
Target audience note O <br/>
Source Raz-Plus<br/>
650 #0 - SUBJECT ADDED ENTRY--TOPICAL TERM
Topical term or geographic name entry element Buddy (Dog)
General subdivision Juvenile literature.
650 #0 - SUBJECT ADDED ENTRY--TOPICAL TERM
Topical term or geographic name entry element Guide dogs
General subdivision Training of
Geographic subdivision United States
General subdivision Juvenile literature.
650 #0 - SUBJECT ADDED ENTRY--TOPICAL TERM
Topical term or geographic name entry element Guide dog schools
Geographic subdivision United States
General subdivision Juvenile literature.
650 #1 - SUBJECT ADDED ENTRY--TOPICAL TERM
Topical term or geographic name entry element Guide dogs
General subdivision Training.
650 #1 - SUBJECT ADDED ENTRY--TOPICAL TERM
Topical term or geographic name entry element Dogs.
650 #1 - SUBJECT ADDED ENTRY--TOPICAL TERM
Topical term or geographic name entry element Blind.
650 #1 - SUBJECT ADDED ENTRY--TOPICAL TERM
Topical term or geographic name entry element People with disabilities.
700 1# - ADDED ENTRY--PERSONAL NAME
Personal name Bolognese, Don,
Relator term illustrator.
906 ## - LOCAL DATA ELEMENT F, LDF (RLIN)
a 7
b cbc
c orignew
d 1
e ocip
f 19
g y-gencatlg
942 ## - ADDED ENTRY ELEMENTS (KOHA)
Source of classification or shelving scheme Dewey Decimal Classification
Koha item type Books
Suppress in OPAC No
999 ## -
-- 764
-- 764
Holdings
Withdrawn status Lost status Source of classification or shelving scheme Damaged status Not for loan Collection Home library Current library Shelving location Date acquired Total Checkouts Full call number Barcode Date last seen Date last checked out Copy number Price effective from Koha item type
    Dewey Decimal Classification     Non-Fiction Footprints International School Library Network Toul Kork Campus Footprints International School Library Network Toul Kork Campus TK Primary Library Room(4th Floor), Bookcase 3&4, Shelves 17-32, Yellow Books 07/06/2023 3 MOO 362.4183 HV1780.M66 FISTK01156 10/26/2023 10/19/2023 1 07/06/2023 Books
    Dewey Decimal Classification     Non-Fiction Footprints International School Library Network Toul Kork Campus Footprints International School Library Network Toul Kork Campus TK Primary Library Room(4th Floor), Bookcase 3&4, Shelves 17-32, Yellow Books 11/15/2023 1 MOO 362.4183 HV1780.M66 FISTK01155 06/09/2025 12/03/2024 2 11/15/2023 Books
    Dewey Decimal Classification     Non-Fiction Footprints International School Library Network Toul Kork Campus Footprints International School Library Network Toul Kork Campus TTP Primary Yellow Bookshelves 02/07/2025   MOO 362.4183 HV1780.M66 2025-0449 02/07/2025   3 02/07/2025 Books
    Dewey Decimal Classification     Non-Fiction Footprints International School Library Network Toul Tom Poung Campus Footprints International School Library Network Toul Tom Poung Campus TTP Primary Yellow Bookshelves 03/27/2025   MOO 362.4183 HV1780.M66 2025-0826 03/27/2025   4 03/27/2025 Books